Expresión plástica y manual para párvulos: nivel transición
Na minha lista:
| Main Authors: | , |
|---|---|
| Formato: | Livro |
| Idioma: | espanhol |
| Publicado em: |
Santiago
Andrés Bello
1989
|
| Assuntos: | |
| Tags: |
Adicionar Tag
Sem tags, seja o primeiro a adicionar uma tag!
|
MARC
| LEADER | 00000nam a2200000 a 4500 | ||
|---|---|---|---|
| 001 | UCW7186 | ||
| 003 | CL-VaPUC | ||
| 008 | 920922e19890000CL |||||||||||||||||spa|d | ||
| 082 | 0 | 4 | |a 372.21 |b AGU |2 21 |
| 100 | 0 | |a Aguila Sepúlveda, Dora |e author |9 312343 | |
| 700 | |a Junyent Fabregat, Ana María |e author |9 478905 | ||
| 245 | 1 | 0 | |a Expresión plástica y manual para párvulos: nivel transición |
| 300 | |a 44 p | ||
| 942 | |c BK | ||
| 945 | |d 19920922 00:00:00 | ||
| 260 | |a Santiago |b Andrés Bello |c 1989 | ||
| 650 | 0 | |a Educación preescolar |9 260381 | |
| 650 | 0 | |a Aptitud creadora |x Niños |9 308054 | |
| 583 | |a last modification |c 20190708 10:09:11 |k Rodrigo Vera | ||
| 999 | |c 220040 |d 220038 | ||
| 952 | |0 0 |1 0 |4 0 |6 372_210000000000000_AGU_1989 |7 0 |8 P |9 211772 |a BIBEDU |b BIBEDU |c BIBEDU_PB |d 2019-11-15 |i 2799081 |o 372.21 AGU 1989 |p 2799081 |r 2024-01-25 |w 2019-11-15 |y BK |k EDU | ||
| 952 | |0 0 |1 0 |4 0 |6 372_210000000000000_AGU_1989 |7 0 |8 P |9 211773 |a BIBEDU |b BIBEDU |c BIBEDU_PB |d 2019-11-15 |i 279909K |o 372.21 AGU 1989 |p 279909K |r 2024-01-25 |w 2019-11-15 |y BK |k EDU | ||